1276 1678 1195 1519 1532 1799 1891 1085 1583 1687 1825 1839 1673 1140 1852 1293 1407 1700 1888 1565 1572 1958 1638 1311 1899 1663 1684 1217 1905 1658 1219 1884 1924 1228 1802 1232 1157 1837 1232 1015 1147 1855 1179 1188 1429 1841 1799 1274 1307 1534 1295 1483 1955 1247 1468 1318 1941 1446 1244 1204 1480 1321 1769 1000 1096 1185 1299 1844 1988 1441 1353 1070 1933 1415 1150 1851 1665 1909 1767 1510 1443 1255 1363 1997 1189 1807 1198 1838 1392 1307 1872 1172 1329 1971 1990 1959 1176 1175 1312 BCNSPRNW ULIB Ver.6.0+V

เปลี่ยนเป็นภาษาไทย

Change to English
 แสดงรายละเอียดบรรณานุกรม
  กลับหน้าหลัก

Brief Record : Get Marc (ISO 2709) : E-mail record : QR code < ปิดหน้าต่าง
LEADER : 00000nam 2200000uu 4500
001    13399112712
003     ULIB
008    110905s2547||||th 000 0 tha d
050 04 LB1JT3^bน266ร 2547
110 1  มหาวิทยาลัยนเรศวร
245 00 หนังสือรายงานประจำปี มหาวิทยาลัยนเรศวร 2547 สรุปผลการดำเนินงานในรอบ4ปี=^bAnnual Reports Naresuan University 2004 /^cมหาวิทยาลัยนเรศวร
246 31 Annual Reports Naresuan University 2004
260    พิษณุโลก :^bมหาวิทยาลัยนเรศวร,^c2547
300    160 หน้า:^bภาพประกอบสี
650  7 รายงานประจำปี
650  7 มหาวิทยาลัยนเรศวร
945    ^p0^l0^i016582
945    ^p0^l0^i016583
945    ^p0^l0^i016584
995    ทศพร
999 ^a ทศพร
รายการนี้ยังไม่มีแท็ก
คุณยังไม่ได้ล็อกอิน คุณสามารถมีกิจกรรมร่วมกับเว็บไซต์ได้ แต่ต้องล็อกอินก่อน ::
  ล็อกอิน

รายการสื่อสารสนเทศ

ลำดับที่ ประเภท เลขเรียก/บาร์โค้ด สถานที่ สถานะ
- ไม่พบข้อมูล -

รายการใกล้เคียง
    หัวเรื่อง [รายงานประจำปี]
    หัวเรื่อง [มหาวิทยาลัยนเรศวร]

BibComment


ยังไม่เคยถูกคอมเมนท์

คอมเมนท์ทรัพยากรรายการนี้
  คอมเมนท์: หนังสือรายงานประจ..


 Copyright 2026. Bcnsprnw @Library